English rose style / (Record no. 3024)

MARC details
000 -LEADER
fixed length control field 00920cac a22002655a 4500
003 - CONTROL NUMBER IDENTIFIER
control field EG-ScBUE
005 - DATE AND TIME OF LATEST TRANSACTION
control field 20200106144934.0
008 - FIXED-LENGTH DATA ELEMENTS--GENERAL INFORMATION
fixed length control field 190725r19491928enk f 001 0 eng d
040 ## - CATALOGING SOURCE
Original cataloging agency EG-ScBUE
Language of cataloging eng
Description conventions rda
Transcribing agency EG-ScBUE
Modifying agency EG-ScBUE
082 04 - DEWEY DECIMAL CLASSIFICATION NUMBER
Classification number 808
Item number REA
Edition number 22
100 1# - MAIN ENTRY--PERSONAL NAME
Personal name Read, Herbert,‏
Dates associated with a name 1893-1968,
Relator term author.
245 10 - TITLE STATEMENT
Title English rose style /
Remainder of title by Herbert Read, sometime professor of fine arts, Edinburgh University and lately editor of the Bulington Magazine.
250 ## - EDITION STATEMENT
Edition statement Reprinted edition.
264 #1 - PUBLICATION, DISTRIBUTION, ETC. (IMPRINT)
Place of publication, distribution, etc London :
Name of publisher, distributor, etc G. Bell and Sons, Ltd,
Date of publication, distribution, etc 1949.
300 ## - PHYSICAL DESCRIPTION
Extent xv, 227 pages ;
Other physical details 21 cm
336 ## - CONTENT TYPE
Source rdacontent
Content type term text
Content type code txt
337 ## - MEDIA TYPE
Source rdamedia
Media type term unmediated
Media type code n
338 ## - CARRIER TYPE
Source rdacarrier
Carrier type term volume
Carrier type code nc
500 ## - GENERAL NOTE
General note includes index.
590 ## - LOCAL NOTE (RLIN)
Local note nadeen magdy
650 #7 - SUBJECT ADDED ENTRY--TOPICAL TERM
Topical term or geographic name as entry element English language
General subdivision Style.
Source of heading or term BUEsh
9 (RLIN) 39128
653 ## - INDEX TERM--UNCONTROLLED
Resource For college Humanities: English
Arrived date list July2019
655 ## - INDEX TERM--GENRE/FORM
Form subdivision Reading book
942 ## - ADDED ENTRY ELEMENTS (KOHA)
Koha item type Book - Borrowing
Call number prefix 808.06637 R2204
Source of classification or shelving scheme Dewey Decimal Classification
Holdings
Withdrawn status Lost status Source of classification or shelving scheme Damaged status Not for loan Home library Current library Shelving location Date acquired Source of acquisition Total Checkouts Total Renewals Full call number Barcode Date last seen Date checked out Koha item type
    Dewey Decimal Classification     Central Library Central Library Second Floor 07/03/2015 Purchase 1 3 808.06637 HER 000001095 15/07/2025 16/03/2017 Book - Borrowing